Statistics for Wheel Of Fortune Puzzle: Countries

Click here to take the quiz!

General Stats

  • This quiz has been taken 403 times
  • The average score is 8 of 9

Answers on the Map

Answers color-coded by a green-red scale on the quiz's map according to % correct below.
 

Answer Stats

Letter% Correct
A
97%
C
97%
I
96%
O
96%
H
95%
M
95%
D
91%
F
91%
B
89%

Score Distribution

Percentile by Number Answered

Percent of People with Each Score

Your Score History

You have not taken this quiz